Atlas manual de apósitos y vendajes para uso de médicos y estudiantes / (Record no. 80586)

MARC details
000 -LEADER
campo de control de longitud fija 00675nam a2200169 i 4500
001 - NÚMERO DE CONTROL
campo de control 80586
003 - IDENTIFICADOR DE NÚMERO DE CONTROL
campo de control ES-MaACL
007 - CAMPO FIJO DE DESCRIPCIÓN FÍSICA--INFORMACIÓN GENERAL
campo de control de longitud fija t|
008 - DATOS DE LONGITUD FIJA--INFORMACIÓN GENERAL
campo de control de longitud fija 041028s1911 sp ||||1| spa d
100 1# - ENTRADA PRINCIPAL--NOMBRE DE PERSONA
Nombre de persona Hoffa, Albert.
9 (RLIN) 63935
245 10 - MENCIÓN DEL TÍTULO
Título Atlas manual de apósitos y vendajes para uso de médicos y estudiantes /
Mención de responsabilidad, etc. por Albert Hoffa ; aumentado y revisado después por Rudolf Grashey ; traducción directa de la 4ª edición alemana por Pablo González Muñoz.
260 ## - PUBLICACIÓN, DISTRIBUCIÓN, ETC.
Lugar de publicación, distribución, etc. Madrid :
Nombre del editor, distribuidor, etc. Academia,
Fecha de publicación, distribución, etc. 1911 (
Fabricante José Rueda)
300 ## - DESCRIPCIÓN FÍSICA
Extensión VII, 260 p., 170 lám. :
Otras características físicas il. ;
Dimensiones 19 cm.
700 1# - ENTRADA AGREGADA--NOMBRE PERSONAL
Nombre de persona González Muñoz, Pablo.
9 (RLIN) 58833
700 1# - ENTRADA AGREGADA--NOMBRE PERSONAL
Nombre de persona Grashey, Rudolf.
9 (RLIN) 59692
852 ## - LOCALIZACIÓN
Ubicación ES-MaACL
Número de control de estantería E-259
Holdings
Estatus retirado Estado de pérdida Estado de daño No para préstamo Biblioteca de origen Biblioteca actual Ubicación en estantería Fecha de adquisición Fuente de adquisición Total de préstamos Signatura topográfica completa Código de barras Visto por última vez Precio de reemplazo Tipo de ítem Koha
        Biblioteca del Ateneo de Madrid Biblioteca del Ateneo de Madrid Depósito 2 17/01/2008     E-259 1084253 23/02/2023 23/02/2023 Libro impreso